书目信息 |
| 题名: |
音乐与其表现的世界
|
|
| 作者: | 周海宏 著 | |
| 分册: | ||
| 出版信息: | 北京 中央音乐学院出版社 2004 |
|
| 页数: | 260页 | |
| 开本: | 21cm | |
| 丛书名: | ||
| 单 册: | ||
| 中图分类: | J60-05 , J601 | |
| 科图分类: | ||
| 主题词: | 音乐心理学--研究 , 音乐美学--研究 , 音乐美学 , 音乐心理学 | |
| 电子资源: | ||
| ISBN: | 7-81096-076-8 | |
| 000 | 01215nam0 2200301 450 | |
| 001 | 0709000184 | |
| 005 | 20070531112415.96 | |
| 010 | @a7-81096-076-8@dCNY35.00 | |
| 100 | @a20050104e20062004kemy0chiy0110 ea | |
| 101 | 0 | @achi |
| 102 | @aCN@b110000 | |
| 105 | @aag z 000yy | |
| 200 | 1 | @a音乐与其表现的世界@Ayin yue yu qi biao xian de shi jie@e对音乐音响与其表现对象之间关系的心理学与美学研究@f周海宏著 |
| 210 | @a北京@c中央音乐学院出版社@d2004@h2006 | |
| 215 | @a260页@c图@d21cm@e附光盘一片 | |
| 300 | @a全国优秀博士学位论文 教育部人文社会科学重点研究基地基金资助出版 | |
| 307 | @a附光盘:ISBN 7-89994-370-1 | |
| 330 | @a本书以研究联觉关系为突破口,用心理学的实证方法证明了与音乐听觉相关的六种联觉对应关系规律,即与高音、音强、时间、时间变化率、紧张度、新异性体验相关的联觉。 | |
| 517 | 1 | @a对音乐音响与其表现对象之间关系的心理学与美学研究@Adui yin yue yin xiang yu qi biao xian dui xiang zhi jian guan xi de xin li xue yu mei xue yan jiu |
| 606 | 0 | @a音乐心理学@x研究 |
| 606 | 0 | @a音乐美学@x研究 |
| 606 | 0 | @a音乐美学 |
| 606 | 0 | @a音乐心理学 |
| 690 | @aJ60-05@v4 | |
| 690 | @aJ601@v4 | |
| 701 | 0 | @a周海宏@Azhou hai hong@4著 |
| 801 | 0 | @aCN@bTAOJIN@c20070531 |
| 905 | @a10447@dJ60-05@e449 | |
| 音乐与其表现的世界:对音乐音响与其表现对象之间关系的心理学与美学研究/周海宏著.-北京:中央音乐学院出版社,2004(2006) |
| 260页:图;21cm+附光盘一片 |
| 全国优秀博士学位论文 教育部人文社会科学重点研究基地基金资助出版 |
| ISBN 7-81096-076-8:CNY35.00 |
| 本书以研究联觉关系为突破口,用心理学的实证方法证明了与音乐听觉相关的六种联觉对应关系规律,即与高音、音强、时间、时间变化率、紧张度、新异性体验相关的联觉。 |
| ● |
| 相关链接 |
|
|
|
|
正题名:音乐与其表现的世界
索取号:J60-05/449
 
预约/预借
| 序号 | 登录号 | 条形码 | 馆藏地/架位号 | 状态 | 备注 |
| 1 | 0523867 | 205238679 | 第一样本阅览室/ [索取号:J60-05/449] | 在馆 | |
| 2 | 0523868 | 205238688 | 第一借阅区/ [索取号:J60-05/449] | 在馆 | |
| 3 | 0523869 | 205238697 | 第一借阅区/ [索取号:J60-05/449] | 在馆 | |
| 4 | 0523870 | 205238704 | 第一借阅区/ [索取号:J60-05/449] | 在馆 |